Normal view MARC view
  • García Márquez, Gabriel,

Entry Nombre Personal

Number of records used in: 4

001 - NUMERO DE CONTROL

  • campo de control: 29800

003 - IDENTIFICADOR DE NUMERO DE CONTROL

  • campo de control: UPN

005 - FECHA Y HORA DE LA ÜLTIMA TRANSACCIÓN

  • campo de control: 20220214111629.0

008 - DATOS DE LONGITUD FIJA

  • campo de control de longitud fija: nabaccnnaabn|||||||||| b |nc|||||d

035 ## - NUMERO DE CONTROL

  • Número de control: UPN11000001906

040 ## - FUENTE DE CATALOGACIÓN

  • Lenguaje de catalogación: SPA
  • Agencia de transcripción: UPN

053 #4 - NÚMERO DE CLASIFICACIÓN LC

  • Número de clasificación elemento-número único o número inicial de tramo: PQ8179 G6.7

100 1# - ENCABEZAMIENTO - NOMBRE PERSONAL

  • Nombre personal: García Márquez, Gabriel,
  • Fechas asociadas con el nombre: 1928-2014

400 1# - VEÁSE - NOMBRE DE PERSONA

  • Personal name: García Márquez, Gabriel José de la Concordia,
  • Dates associated with a name: 1928-2014

670 ## - FUENTE EN LA QUE SE LOCALIZARON DATOS

  • Cita de la fuente: T
  • Información localizada: Salvat universal

680 ## - NOTA PUBLICA DE ACCESO PÚBLICO

  • Frase explicativa de la referencia: Escritor, novelista, cuentista, guionista y periodista colombiano

902 ## - CATALOGADOR

  • Catalogador: DAA/050808